Statistics for County Seats Of Utah

Click here to take the quiz!

General Stats

  • This quiz has been taken 23 times
  • The average score is 15 of 29

Answer Stats

CountySeat% Correct
WeberOgden
100%
____ ____Salt Lake City
100%
UtahProvo
92%
CacheLogan
83%
WashingtonSt. George
83%
______Tooele
75%
WasatchHeber City
67%
GrandMoab
67%
Box ElderBrigham City
58%
JuabNephi
58%
UintahVernal
58%
________Duchesne
50%
MillardFillmore
50%
KaneKanab
50%
CarbonPrice
50%
SevierRichfield
50%
______Beaver
42%
DavisFarmington
42%
San JuanMonticello
42%
EmeryCastle Dale
33%
PiuteJunction
33%
WayneLoa
33%
DaggettManila
33%
SanpeteManti
33%
______Morgan
33%
IronParowan
33%
RichRandolph
33%
SummitCoalville
25%
GarfieldPanguitch
25%

Score Distribution

Percentile by Number Answered

Percent of People with Each Score

Your Score History

You have not taken this quiz